Geography #1 - Statistics

General Stats
  • This quiz has been taken 61 times
  • The average score is 10 of 15
Answer Stats
Hint Answer % Correct
Continent with the most countries Africa
89%
City on two continents Istanbul
89%
World's second highest mountain K2
89%
Largest river by volume of water, NOT length Amazon
82%
National Park where Old Faithful is located Yellowstone
82%
Official language of Pakistan Urdu
79%
World's largest lake Caspian Sea
68%
Dictator of North Korea Kim Jong Un
68%
City across the border from San Diego Tijuana
63%
Estonia, Latvia, Lithuania collectively Baltic States
57%
#3's father Kim Jong Il
57%
Capital of Wyoming Cheyenne
48%
Peninsula in S.E. Asia Indochina
46%
"Land of Smiles" Thailand
29%
World's second largest exporter of nutmeg Grenada
7%
No matching quizzes found
Score Distribution
Percent of People with Each Score
Percentile by Number Answered
Your Score History
You have not taken this quiz